00233nam a2200097Ia 4500008004100000100002800041245001800069260002400087942000700111999001700118190216s9999||||xx |||||||||||||| ||und|| aBhagavat Swaroop Mithra 0aHindi-Vividha bMacmillan India Ltd cBK c18521d18521